000 04082nam0a2200517 4500
001 RU\NLR\BIBL_A\011527743
005 20260408082011.0
020 _aRU
_b9708
_9Сводный каталог листовок первых лет Советской власти (25 октября (7 ноября) 1917 - 1925) Т.4 (Ч.2). Листовки советских, партийных, профсоюзных, комсомольских и других организаций губерний РСФСР
035 _a(NLR Aleph) 011527743
090 _a12129481
_c12129481
100 _a20171116d1920 |||y0rusy50 ca
101 0 _arus
102 _aRU
105 _ay z 000zy
135 _acrcn 024anaba
200 1 _aТоварищи крестьяне и крестьянки! "Чтобы скорее взяться свободно и мирно за плуг... необходимо помочь Красной Армии возможно быстрее и окончательно разбить жестокого врага трудящихся масс..." Г. Рузаевка, Пенз. губ,. 8 янв. [!февр.] 1920 г.
_e[листовка]
210 _a[Рузаевка]
_cТип. Рузаев. усовнархоза
_d[1920, февр.]
215 _a1 с.
_d33х18
300 _aПодпись: Уезд. комиссия по проведению "Недели фронта и транспорта"
300 _aПеред загл.: "Неделя фронта и транспорта"
300 _aЛозунги: Эта неделя должна быть неделей окончательной победы; Каждый гражданин должен что-нибудь сделать для оздоровления транспорта; Труд победил на Красном фронте силой оружия. Труд должен победить своей творческой силой разруху внутри страны
325 _aКопия доступна в Электрон. б-ке РНБ
517 1 _aЧтобы скорее взяться свободно и мирно за плуг... необходимо помочь Красной Армии возможно быстрее и окончательно разбить жестокого врага трудящихся масс...
540 1 _aНеделя фронта и транспорта
540 1 _aЭта неделя должна быть неделей окончательной победы
540 1 _aКаждый гражданин должен что-нибудь сделать для оздоровления транспорта
540 1 _aТруд победил на Красном фронте силой оружия
540 1 _aТруд должен победить своей творческой силой разруху внутри страны
607 _aРСФСР
_jЛистовки
_xПолитика и управление
_y1917 - 1925
_92312782
_3RU\NLR\auth\6601609564
686 0 _aТ3(2)71-313,011
686 0 _aТ3(2Р-6Мо-2Р)712-31,011
711 0 2 _aРузаевская уездная комиссия по проведению "Недели фронта и транспорта"
_9556285
_3RU\NLR\AUTH\880446344
712 0 2 _4570
_aРабоче-Крестьянская Красная армия
_c1918-1946
_3RU\NLR\AUTH\8810133633
_9763433
712 1 2 _4570
_aНеделя фронта и транспорта
_f1920
_9556274
_3RU\NLR\AUTH\880446339
852 0 0 _aNLR
_bФЛ
_j45/49
856 0 _uhttps://vivaldi.nlr.ru/ll700000974/view
856 1 _uhttps://vivaldi.nlr.ru/ll700000974/cover
856 2 _uhttps://vivaldi.nlr.ru/ll700000974/text
942 _cBOOK
980 _aNB
981 2 1 _a(21) Листовки
_b(21) Листовки 1920 года